000 00248nam a2200097Ia 4500
001 679702
005 20250826161101.0
008 250824s9999 xx 000 0 und d
245 0 _aCEHENNEM MAKİNELERİ
_cPHİLP REEVE
260 _bGÜNIŞIĞI YAYINLARI
999 _c679702
_d679702